Normal view
MARC view
Entry Personal Name
001 - CONTROL NUMBER
- control field: 563293
003 - CONTROL NUMBER IDENTIFIER
- control field: OSt
005 - DATE AND TIME OF LATEST TRANSACTION
- control field: 20220930194513.0
008 - FIXED-LENGTH DATA ELEMENTS
- fixed length control field: 220930|| aca||aabn | a|a d
040 ## - CATALOGING SOURCE
- Original cataloging agency: OSt
- Transcribing agency: OSt
100 ## - HEADING--PERSONAL NAME
- Personal name: Sathy M
670 ## - SOURCE DATA FOUND
- Source citation: Work cat.: (OSt)897786: Sathy M., Study of radiation response by clinical and cytomorphological methods in carcinoma cervix, 1972
